• 首页
  • 本馆介绍
  • 公告通知
  • 最新文献
  • 馆藏检索
  • 电子资源
  • 读者导购
  • 参考咨询
  • 我的图书馆
  • 登录
  • 详细信息显示
  • 放入我的书架
  • 预约/预借图书
  • 作者相关作品
  • 分类相关作品
  • 丛书相关作品
  • 出版社相关作品

书目信息

  • 表格格式
  • 工作单格式
  • 卡片格式
题名:
邓小平文选
    
 
作者: 邓小平
分册:  
出版信息:    
页数:
开本: 19cm
丛书名:
单 册:
中图分类: A491
科图分类:
主题词: 毛泽东著作
电子资源:
ISBN:
000 00475nam0 2200181 450
001 0760515518
005 20070817164835.51
010    @d¥1.00
100    @a20070817d km y0chiy0120 ea
101 0  @achi
200 1  @a邓小平文选@Adeng xiao ping wen xuan@e1975----1982@f邓小平@Fdeng xiao ping
215    @d19cm
517 1  @a1975----1982
606 0  @a毛泽东著作
690    @aA491@v3
701  0 @a邓小平@Adeng xiao ping
801  0 @aCN@bPFT@c20070817
905    @a213230@dA491@eg5@f1
    
    邓小平文选:1975----1982/邓小平
    19cm
    
    
    ISBN :¥1.00
    
●
相关链接 在E读中查询图书 在五车中查询图书 在当当中查询图书 在豆瓣中查询图书


正题名:邓小平文选     索取号:A491/g5         预约/预借

序号 登录号 条形码 馆藏地/架位号 状态 备注
1 6500016   265000161   密集书库-马院/ [索取号:A491/g5] 在馆    
唐山师范学院图书馆 欢迎您!
大连网信软件有限公司© 版权所有